Текст томруулах:    
The Agricultural transition in Central and Eastern Europe and the former U.S.S.R. (Бичлэгийн дугаар. 146167)
000 -УДИРДЛАГА
Удирдлага 01081nam a22003377a 4500
003 - ХЯНАЛТЫН ТОО ТОДОРХОЙЛОГЧ
Код MN-UlNUM
005 - БИЧИЛТ ХИЙСЭН ОГНОО
Тухайн бичилтийг бичсэн засварласан сүүлийн огноо 20260112165058.0
008 - ЕРӨНХИЙ МЭДЭЭЛЭЛ
Ерөнхий мэдээлэл 260112s1993 dcuab||| |||| 001 0 eng |
020 ## - ISBN
ISBN 0821323229
040 ## - БИЧЛЭГ ҮҮСГЭГЧ БАЙГУУЛЛАГА
Бичлэг үүсгэгч номын сангийн код МУИС-ийн номын сан
084 ## - ББК АНГИЛАЛ
Нэмэлт тусгалт Бусад
ББК ангилал 65.30
Зохиогчийн гурван тэмдэгт A 25
Мэдлэгийн ялгаа 65 - Эдийн засаг
245 04 - ҮНДСЭН ГАРЧИГ
Номын нэр The Agricultural transition in Central and Eastern Europe and the former U.S.S.R.
Оролцогчдын тухай мэдээ edited by Avishay Braverman, Karen M. Brooks, and Csaba Csaki.
260 ## - ГАРАЛТЫН МЭДЭЭ
Хэвлэгдсэн газар Washington, D.C. :
Хэвлэлийн газар World Bank,
Хэвлэгдсэн он 1993.
300 ## - МАТЕРИАЛЫН ТОДОРХОЙЛОЛТ
хуудасны тоо ix, 314 p. :
Бусад тоон мэдээлэл ill. ;
Хэмжээ 27 cm.
500 ## - Тайлбар
Дансны дугаар БС 4949
546 ## - ХЭЛНИЙ ТУХАЙ МЭДЭЭ
Хэл Англи хэл дээр,
653 ## - Түлхүүр үг
Түлхүүр үг agriculture
653 ## - Түлхүүр үг
Түлхүүр үг economic aspects
653 ## - Түлхүүр үг
Түлхүүр үг europe, Eastern
653 ## - Түлхүүр үг
Түлхүүр үг privatization
700 1# - ХАМ ЗОХИОГЧИД
Ба бус Braverman, Avishay,
700 1# - ХАМ ЗОХИОГЧИД
Ба бус Brooks, Karen McConnell.
700 1# - ХАМ ЗОХИОГЧИД
Ба бус Csáki, Csaba.
740 ## - НОМЫН ГАРЧИГ
Гарчиг Background and Concepts
740 ## - НОМЫН ГАРЧИГ
Гарчиг The International Environment
740 ## - НОМЫН ГАРЧИГ
Гарчиг The Policy Framework: Ownership, Pricing, and Finance
740 ## - НОМЫН ГАРЧИГ
Гарчиг Regional Case Studies
942 ## - ЭЛЕМЕНТИЙН ТӨРӨЛ
Зүйлийн төрөл Ном